00632nam a2200229 a 4500001001300000003000900013005001700022008004100039020001000080082001500090100001900105245002700124260003600151300000900187500003500196505001000231650001300241902000800254942000700262952011600269999001700385nice12345678IN_TiNIC20260116013528.0050524s1946 lona grp 000 0 eng  ac34500a266.2bCAB aCable, Mildred aAmbassadors for Christ aLondonbPaternoster Pressc1946 a158p aincludes index and biblioraphy2 aIndex aMissions bSRS cBK 001040708StackRoom-aHMIbHMId2007-07-12g345.00l0o266.2 CABp016180r2007-07-12v345.00w2005-05-24yBK c11342d11342